|
|
|
|
| LEADER |
01747nam a2200481 4500 |
| 001 |
ocn843112161 |
| 003 |
OCoLC |
| 005 |
20170124071322.6 |
| 006 |
m o d |
| 007 |
cr cnu|||unuuu |
| 008 |
130515s2011 iau of 000 0 eng d |
| 040 |
|
|
|a DG1
|b eng
|c DG1
|d CUS
|d CUI
|d NOC
|d OCLCO
|d OCLCF
|d OCLCO
|d YDXCP
|d OCL
|d OCLCQ
|d GrThAP
|
| 019 |
|
|
|a 902649354
|
| 020 |
|
|
|a 9781118703779
|q (electronic bk.)
|
| 020 |
|
|
|a 1118703774
|q (electronic bk.)
|
| 020 |
|
|
|z 9781118691755
|
| 020 |
|
|
|z 111869175X
|
| 029 |
1 |
|
|a AU@
|b 000051628981
|
| 029 |
1 |
|
|a CHBIS
|b 010026945
|
| 029 |
1 |
|
|a CHVBK
|b 306231352
|
| 029 |
1 |
|
|a DEBBG
|b BV043395851
|
| 029 |
1 |
|
|a GBVCP
|b 790038382
|
| 029 |
1 |
|
|a NZ1
|b 15341809
|
| 035 |
|
|
|a (OCoLC)843112161
|z (OCoLC)902649354
|
| 050 |
|
4 |
|a HG177
|
| 082 |
0 |
4 |
|a 658.15/224
|2 23
|
| 049 |
|
|
|a MAIN
|
| 245 |
0 |
0 |
|a 138 ways to generate new, first-time gifts.
|
| 246 |
3 |
|
|a One hundred thirty eight ways to generate new, first-time gifts
|
| 264 |
|
1 |
|a Sioux City, Iowa :
|b Stevenson, Inc.,
|c [2011]
|
| 264 |
|
4 |
|c ©2011
|
| 300 |
|
|
|a 1 online resource (48 pages)
|
| 336 |
|
|
|a text
|b txt
|2 rdacontent
|
| 337 |
|
|
|a computer
|b c
|2 rdamedia
|
| 338 |
|
|
|a online resource
|b cr
|2 rdacarrier
|
| 588 |
0 |
|
|a Online resource; title from PDF title page (Wiley, viewed May 21, 2013).
|
| 650 |
|
0 |
|a Fund raising
|v Handbooks, manuals, etc.
|
| 650 |
|
7 |
|a Fund raising.
|2 fast
|0 (OCoLC)fst00936143
|
| 655 |
|
4 |
|a Electronic books.
|
| 655 |
|
7 |
|a Handbooks and manuals.
|2 fast
|0 (OCoLC)fst01423877
|
| 776 |
0 |
8 |
|i Print version:
|t 138 Ways to Generate New, First-time Gifts.
|d Sioux City, Iowa : Stevenson, Inc., 2013
|z 9781118691755
|w (OCoLC)828488441
|
| 856 |
4 |
0 |
|u https://doi.org/10.1002/9781118703779
|z Full Text via HEAL-Link
|
| 994 |
|
|
|a 92
|b DG1
|